| 000 | 00541nam a2200181 4500 | ||
|---|---|---|---|
| 005 | 20260414140117.0 | ||
| 008 | 260414b |||||||| |||| 00| 0 eng d | ||
| 050 |
_aDT30 _b.J58 2019 |
||
| 100 | _aJjumba, Laban M. | ||
| 245 | _aI saw a new Africa/ | ||
| 260 |
_aKampala, Uganda: _bBeeranga Mwesigwa foundation, _c2019. |
||
| 300 |
_a182 p.: _c23 cm. |
||
| 650 |
_aAfrica _vSocial conditions _y21st century. |
||
| 650 |
_aUnemployment _xAfrica. |
||
| 650 | _aEmigration and immigration | ||
| 650 |
_aXenophobia _xAfrica. |
||
| 942 |
_2lcc _cBK |
||
| 999 |
_c60354 _d60354 |
||